Význam vodnej dopravy na Slovensku nie je docenený
Rozhovor s Ing. V. Haviarom, riaditeľom odboru vodnej dopravy MDPT SR o celkovom mieste vodnej dopravy v súčasnom dopravnom systéme SR, o verejných prístavoch, o realizácií nákladnej vodnej dopravy, o Vážskej vodnej ceste (národná vodná cesta medzinárodného významu) a o tom, čo sa má udiať v oblasti...
Uložené v:
| Hlavný autor: | |
|---|---|
| Ďalší autori: | |
| Médium: | Kapitola |
| Jazyk: | Slovak |
| Predmet: | |
| Tagy: |
Žiadne tagy, Buďte prvý, kto otaguje tento záznam!
|
MARC
| LEADER | 00000naa a2200000 4500 | ||
|---|---|---|---|
| 001 | r044779 | ||
| 005 | 20230925120133.7 | ||
| 041 | 0 | |a slo | |
| 044 | |a SK | ||
| 245 | 1 | 0 | |a Význam vodnej dopravy na Slovensku nie je docenený |c Aut.interv. Peter Fridner, Vladimír Haviar |
| 520 | |a Rozhovor s Ing. V. Haviarom, riaditeľom odboru vodnej dopravy MDPT SR o celkovom mieste vodnej dopravy v súčasnom dopravnom systéme SR, o verejných prístavoch, o realizácií nákladnej vodnej dopravy, o Vážskej vodnej ceste (národná vodná cesta medzinárodného významu) a o tom, čo sa má udiať v oblasti riadenia. | ||
| 610 | 2 | 0 | |a doprava vodná vnútroštátna |
| 610 | 2 | 0 | |a doprava vodná osobná |
| 610 | 2 | 0 | |a doprava vodná nákladná |
| 610 | 2 | 0 | |a prístavy |
| 610 | 2 | 0 | |a cesty vodné |
| 610 | 2 | 0 | |a Slovensko |
| 100 | 1 | |a Fridner, Peter | |
| 700 | 1 | |a Haviar, Vladimír | |